Normal view
MARC view
Entry Personal Name
001 - CONTROL NUMBER
- control field: 15673
003 - CONTROL NUMBER IDENTIFIER
- control field: OSt
005 - DATE AND TIME OF LATEST TRANSACTION
- control field: 20220203105313.0
008 - FIXED-LENGTH DATA ELEMENTS
- fixed length control field: 220203|| aca||aabn | a|a d
040 ## - CATALOGING SOURCE
- Original cataloging agency: OSt
- Transcribing agency: OSt
100 ## - HEADING--PERSONAL NAME
- Personal name: edited by Laura T. Raynolds: Douglas L. Murray: John, Wilkinson
670 ## - SOURCE DATA FOUND
- Source citation: Work cat.: (OSt): edited by Laura T. Raynolds: Douglas L. Murray: John, Wilkinson, Fair trade : , 2007
